000 00283nam a22001217a 4500
008 170309b xxu||||| |||| 00| 0 srb d
041 _asrb
080 _a611
100 _a6
101 _aSHM
245 _aODABRANA POGLAVLJA IZ OPSTE PATOLOSKE FIZIOLOGIJE
_cBATA, A
942 _2udc
_cBK
999 _c7327
_d7327